|
|
|
|
| LEADER |
00000cam a2200000 7i4500 |
| 001 |
0000000201 |
| 005 |
20011124.0 |
| 020 |
0 |
0 |
|a 0582720109
|
| 090 |
0 |
0 |
|a 595.78909595
|b FLE 1991
|
| 100 |
1 |
0 |
|a FLEMING
|h W.A.
|
| 245 |
1 |
0 |
|a Butterflies of West Malaysia and Singapore
|c W.A. Fleming
|
| 250 |
0 |
0 |
|a 2nd rev. ed.
|
| 260 |
0 |
0 |
|a Petaling Jaya, Selangor :
|b Longman ,
|c 1991
|
| 300 |
|
|
|a x, 148 p. :
|b ill., 92 plates, maps ;
|c 25 cm.
|
| 650 |
0 |
0 |
|a Butterflies
|z Peninsular Malaysia
|x Nomenclature (Popular)
|
| 650 |
0 |
0 |
|a Butterflies
|z Singapore
|x Nomenclature (Popular)
|
| 998 |
|
|
|a JPSM
|
| 999 |
|
|
|a 0000001041
|b Monograph
|c Open Shelf
|e Default branch
|